Marine ecological processes
Gespeichert in:
| 1. Verfasser: | |
|---|---|
| Format: | Buch |
| Sprache: | Englisch |
| Veröffentlicht: |
New York, USA
Springer
1984
|
| Schriftenreihe: | Springer Advanced Texts in Life Sciences
|
| Schlagworte: | |
| Tags: |
Tag hinzufügen
Keine Tags, Fügen Sie den ersten Tag hinzu!
|
MARC
| LEADER | 00000nam a2200000 a 4500 | ||
|---|---|---|---|
| 001 | UCW0415 | ||
| 003 | CL-VaPUC | ||
| 005 | 20220413074213.0 | ||
| 008 | 890328e19840000US |||||||||||||||||eng|d | ||
| 999 | |c 215587 |d 215585 | ||
| 040 | |c Pontificia Universidad Católica de Valparaíso | ||
| 082 | 0 | 4 | |a 577.7 VAL 1984 |2 21 |
| 100 | 0 | |a Valiela, Ivan |9 304331 | |
| 245 | 1 | 0 | |a Marine ecological processes |
| 260 | 0 | 3 | |a New York, USA |b Springer |c 1984 |
| 300 | |a 546 páginas | ||
| 490 | 0 | |a Springer Advanced Texts in Life Sciences | |
| 583 | |a last modification |c 19890328 00:00:00 |k Rodrigo Vera | ||
| 650 | 0 | |a Ecología marina |9 259946 | |
| 942 | |c BK |2 ddc | ||
| 945 | |d 19890328 00:00:00 | ||
| 952 | |0 0 |1 0 |2 ddc |4 0 |6 577_700000000000000_VAL_1984 |7 0 |8 CCM |9 199969 |a BIBCUR |b BIBCUR |c PAC |d 2019-11-14 |i 3028968 |o 577.7 VAL 1984 |p 3028968 |r 2025-04-22 |t 2 |w 2019-11-14 |y BK |k CIM | ||
| 952 | |0 0 |1 0 |2 ddc |4 0 |6 577_700000000000000_VAL_1984 |7 0 |8 A |9 199970 |a BIBCUR |b BIBCUR |d 2019-11-14 |i 3193853 |o 577.7 VAL 1984 |p 3193853 |r 2025-04-22 |t 1 |w 2019-11-14 |y BK |k BIO | ||